MDQL
is popping MORE tags! Check the
thread
!
Quizzes
Events
Quiz Creation
Community
Videos
Private Events
Remove Ads
Sign In
Join for FREE
Feedback
Dark Mode
Quiz Categories
Sports
Geography
Music
Movies
Television
Just For Fun
Miscellaneous
History
Literature
Language
Science
Gaming
Entertainment
Religion
Holiday
For Kids
Quiz Lab
Recent
Popular Today
Quiz Kudos Today
Editor Picks
Curator Picks
Quizzes by...
Day
Popularity
Type
Ratings
Length
Year
Community
Subscriptions
Recent Discussions
Orange Saloon
Badges
Playlists
Quests
Create
Leaderboards
Showdown
Live 5
Trivia Bingo
Activity
Puzzle Library
Sporcle Events
Private Events
Virtual Trivia
Globe League
Become a Host
Pub Owners
SporcleCon
Opinionation
Our Games
Videos
Blog
Mobile Apps
Partnerships
Remove Ads and Go Orange
Feedback
Movies
Disney
Marvel Cinematic Universe
Movie Resume
Movie Titles
Oscar
Actor
Actress
Director
Pixar
Role
Movie Quotes
Movie Characters
Box Office
Nominee
Best Picture
Star Wars
James Bond
Horror Movies
Movies
Disney
Marvel Cinematic Universe
Movie Resume
Movie Titles
Oscar
Actor
Actress
Director
Pixar
Role
Movie Quotes
Movie Characters
Box Office
Nominee
Best Picture
Star Wars
James Bond
Horror Movies
Random Quiz
Search Sporcle
×
Quiz Lab
Quiz Lab
Movies
United Kingdom
Type in answers that appear in a list
Type in answers that appear in a list
Classic
Best Score? Go Orange.
100 Greatest War Films Stats
Can you name the Channel 4(UK)'s 100 Greatest War Films (2005)?
By
vauxhall_velox
15m
100 Questions
3,608 Plays
3,608 Plays
3,608 Plays
Comments
Comments
Give Quiz Kudos
Give Quiz Kudos
-
- Ratings
hide this ad
Replay
Link that replays current quiz
Next Quiz
Link to next quiz in quiz playlist
You Got
0%
They Got
Avg Score
31%
Avg Friend Score
Upgrade to see
Score Distribution
Jump to the score distribution portion of the page
Score
0/100
Timer
15:00
0
Plays Today
Position
Film
% Correct
1
Saving Private Ryan
94.2%
6
Platoon
84%
2
Apocalypse Now
77.9%
5
Full Metal Jacket
69.4%
4
Schindler's List
64.7%
33
All Quiet on the Western Front
61.8%
3
The Great Escape
61.6%
10
The Bridge on the River Kwai
58.9%
16
The Thin Red Line
58.7%
20
The Longest Day
56.3%
44
Patton
56%
9
Black Hawk Down
54%
12
The Deerhunter
53.5%
7
A Bridge Too Far
53.4%
13
Braveheart
51.6%
39
Tora! Tora! Tora!
46.5%
30
Casablanca
45.7%
68
Glory
45.3%
29
The Battle of Britain
44.6%
27
The Dirty Dozen
44.6%
8
Zulu
44.3%
17
Das Boot
44.2%
40
Lawrence of Arabia
42.4%
24
Gladiator
42.1%
75
Gone with the Wind
41.1%
21
Where Eagles Dare
41.1%
22
M*A*S*H*
40.9%
14
The Guns of Navarone
39.2%
23
Paths of Glory
39%
19
Born on the 4th of July
38.8%
18
Dr Strangelove
37.4%
11
The Dam Busters
36.7%
28
Enemy at the Gate
36.3%
34
Kelly's Heroes
35.8%
Position
Film
% Correct
25
Spartacus
34.5%
50
Three Kings
33.7%
76
The Sands of Iwo Jima
32.9%
98
Big Red One
31.9%
31
Good Morning Vietnam
31.9%
48
Gallipoli
30.6%
53
Troy
30.4%
99
The Eagle Has Landed
30.1%
55
Casualties of War
30%
32
The Pianist
29.7%
58
Stalingrad
29.4%
35
The Last of the Mohicans
28.9%
15
The Killing Fields
28%
54
From Here to Eternity
26.7%
92
The Birth of a Nation
26.4%
37
Cross of Iron
26%
46
Master and Commander
25.9%
57
In Which We Serve
25.4%
45
633 Squadron
25.1%
26
Ice Cold in Alex
24.9%
43
Empire of the Sun
24.8%
89
Von Ryan's Express
24.6%
88
Memphis Belle
24.1%
41
The Cruel Sea
23%
77
Charge of the Light Brigade
22.4%
65
The General
22.1%
36
Henry V
21.9%
67
Napoleon
21.8%
96
Cold Mountain
21.3%
79
Mrs Miniver
21.2%
60
The English Patient
20.3%
56
Life is Beautiful
19.9%
62
Ran
19.6%
78
Breaker Morant
19.5%
Position
Film
% Correct
64
The Battle of Algiers
19.4%
42
Catch 22
19.3%
91
Hell in the Pacific
18.9%
83
Cromwell
18.9%
100
Rambo, First Blood Part II
18.7%
71
Come and See
18.2%
49
Carve Her Name with Pride
18.1%
69
Went the Day Well?
18.1%
86
El Cid
18.1%
72
The Life and Death of Colonel Blimp
17.9%
47
A Matter of Life and Death
17.6%
66
Enigma
17%
38
Salvador
17%
84
The Caine Mutiny
16.9%
70
Oh! What a Lovely War
16.9%
59
Reach for the Sky
16.7%
94
The Colditz Story
16.7%
87
Rome, Open City
16.1%
61
La Grande Illusion
16%
52
Hope and Glory
15.9%
82
No Man's Land
15.9%
51
A Town Like Alice
15.6%
85
To Be, or Not to Be
14.6%
73
Ride with the Devil
14.3%
95
Welcome to Sarajevo
13.8%
93
Europa Europa
13.7%
81
Love and Death
13.5%
74
Alexander Nevsky
13.4%
90
Regeneration
13.1%
97
Lacombe Lucien
12.6%
80
Land and Freedom
12.6%
63
When the Wind Blows
12.5%
Quiz Playlist
Details
Report
Send in Message
Add To Playlist
Classic:
Type in answers that appear in a list
Last Updated: Apr 4, 2018
Quiz Scoreboard
CHALLENGE
Sign Up to Join the Scoreboard
Show All
Scores
Hide
Comments
May contain spoilers
Recently Published
Colored Red Africa Blitz
by spor1
Geography
30s
Find the 'City' Movie
by crazypaving
Movies
60s
5x2 Blitz: Bands
by SL_Kpop136
Music
30s
More to Explore
Quiz From the Vault
Featured Blog Post
14 Easter Pick-up Lines to Find Eggs With
hide this ad
You Might Also Like...
Tags
Football Quiz
United Kingdom Quiz
War Quiz
100
2005
channel
Channel 4
greatest
War Films
Today's Top Quizzes in Movies
Browse Movies
hide this ad
Today's Top Quizzes in United Kingdom
Browse United Kingdom
Top Contributed Quizzes in Movies
1
Find The 'Big' Movie
2
Find The 'Wild' Movie
3
Find The 'Blue' Movie
4
Movies By Plot
5
Hidden Star Wars Character II
6
Hidden Star Wars Character III
7
Pick 5 Posters: Directed by Spielberg
8
Hidden Star Wars Character IV
9
Alfred Hitchcock Movies by Plot
10
Hidden Star Wars Character V
Explore More
Trending Topics
Marvel
Harry Potter
Kpop
Crossword
Disney
Anime
NBA
Puzzle
Pokémon
Country
Song
NFL
WWE
Soccer
The Office
hide this ad
More By:
vauxhall_velox
Quiz
Plays
Rating
Category
Featured
Created
100 Greatest War Films
3,608
3.21
Movies
Oct 11, 2009
100 Greatest Albums
771
3.00
Music
Oct 22, 2009
Billy Bragg Albums
200
Music
Oct 1, 2009
Welsh Parliamentary Constituencies
161
History
Aug 15, 2011
UK Liberal / Liberal Democrat Leaders
66
History
Jun 24, 2010
Go to Creator's Profile
Score Distribution
Quiz Creator Spotlight
vauxhall_velox
Follow
Send a Message
Quizzes Created
-
Created Quiz Play Count
-
More By This Creator
Popular Quizzes Today
1
Colored Red Africa Blitz
2
Find the 'City' Movie
3
Find the US States - No Outlines Minefield
4
5x2 Blitz: Bands
5
The Countries of the World
6
Find the US States
7
US States
8
9x9 Crossword: Cartoon Network
More Movies Quizzes
Movie Weapon Match-up
Quiz Lab
Trending Quizzes
Colored Red Europe Blitz I
Colored Red Europe Blitz II
Colored Red Africa Blitz II
Colored Red Africa Blitz III
Colored Red Europe Blitz III
Recently Updated
Grab Bag: 4-10 Letters
pecheneg
2024 March Madness Bracket
pecheneg
Famous TV Couples
Peacemaker
Champions League XIs: Real Madrid
pecheneg
Largest US Cities 1790-2010
pecheneg
Rides in Walt Disney World
pecheneg
Most Oscar Losses (Acting)
pecheneg
Beyoncé Albums
pecheneg
Leaping Animals
pecheneg
Reality TV Shows (A-Z)
bhenderson79
Trending Topics
NBA
Harry Potter
Anime
Disney
Crossword
Marvel
Kpop
The Office
WWE
Country
Pokémon
Soccer
Song
NFL
Puzzle
Your Account Isn't Verified!
In order to create a playlist on Sporcle, you need to verify the email address you used during registration. Go to your
Sporcle Settings
to finish the process.
Report this User
Report this user for behavior that violates our
Community Guidelines
.
Details:
Send Report
Go to the Sporcle.com Mobile Site →
Comments